00401nam a2200157Ia 4500008004100000082000800041100001800049245004500067260001400112300000800126600001800134630003000152655001300182700001800195730003000213090630s9999 xx 000 0 und d b419 aWarthan H. E. aMustapha Kemal of Turkey.cWarthan H. E. b---c1930 a215 aWarthan H. E. aMustapha Kemal of Turkey. aEnglish. aWarthan H. E. aMustapha Kemal of Turkey.